El lado oculto del presidente Mora: resonancias de la Guerra Patria contra el filibusterismo de los Estados Unidos (1850-1860) /
Se plantean los alcances del expansionismo estadounidense de la época de 1850 a 1860, objetivos frenados por la actitud del presidente de Costa Rica, don Juan Rafael Mora Porras. Destaca su papel protagónico en el conflicto y las gestiones realizadas por su gobierno para conservar la soberanía de...
Gespeichert in:
| 1. Verfasser: | |
|---|---|
| Format: | Buch |
| Sprache: | Spanish |
| Veröffentlicht: |
San José, Costa Rica:
Editorial Juricentro,
2007
|
| Schlagworte: | |
| Tags: |
Tag hinzufügen
Keine Tags, Fügen Sie den ersten Tag hinzu!
|
MARC
| LEADER | 00000nam a22000007a 4500 | ||
|---|---|---|---|
| 003 | cru CIDCACS/IIS | ||
| 005 | 20230704092712.0 | ||
| 006 | a|||||r|||| 00| 0 | ||
| 007 | ta | ||
| 008 | e2007 cr x |||||||||| ||spa||pa d | ||
| 020 | |a 9977311277 | ||
| 040 | |c cru CIDCACS/IIS | ||
| 090 | |a 04.03.01 V297l | ||
| 100 | 1 | |9 102 |a Vargas Araya, Armando | |
| 245 | 1 | 3 | |a El lado oculto del presidente Mora: |b resonancias de la Guerra Patria contra el filibusterismo de los Estados Unidos (1850-1860) / |c Armando Vargas Araya |
| 260 | |a San José, Costa Rica: |b Editorial Juricentro, |c 2007 | ||
| 300 | |a 436 páginas | ||
| 520 | |a Se plantean los alcances del expansionismo estadounidense de la época de 1850 a 1860, objetivos frenados por la actitud del presidente de Costa Rica, don Juan Rafael Mora Porras. Destaca su papel protagónico en el conflicto y las gestiones realizadas por su gobierno para conservar la soberanía de Costa Rica. Es el resultado de una investigación histórica, realizada a partir de una amplia y variada bibliografía y documentación. | ||
| 650 | 1 | 0 | |9 3694 |a HISTORIA POLITICA |
| 650 | 4 | |9 2646 |a RELACIONES INTERNACIONALES | |
| 650 | 0 | |9 4476 |a EXPANSIONISMO | |
| 650 | 1 | 0 | |9 2585 |a JEFES DE ESTADO |
| 650 | 1 | 0 | |9 6039 |a GOBIERNO MORA PORRAS |
| 651 | 1 | 0 | |9 32 |a COSTA RICA |
| 942 | |2 ddc |c LI |h 04.03.01 V297l |i 17983 |6 040301_V297L_17983 | ||
| 999 | |c 18978 |d 18978 | ||



